London and Quadrant Housing Trust v R. on the application of Weaver and Equality and Human Rights Commission (Record no. 81666)
[ view plain ]
| 000 -LEADER | |
|---|---|
| fixed length control field | 02053cad a22002535a 4500 |
| 001 - CONTROL NUMBER | |
| control field | L147874 |
| 008 - FIXED-LENGTH DATA ELEMENTS--GENERAL INFORMATION | |
| fixed length control field | 090625e20090618xxk f v 000 0 eng d |
| 035 ## - SYSTEM CONTROL NUMBER | |
| System control number | (Sirsi) u147874 |
| 041 0# - LANGUAGE CODE | |
| Language code of text/sound track or separate title | eng |
| 245 04 - TITLE STATEMENT | |
| Title | London and Quadrant Housing Trust v R. on the application of Weaver and Equality and Human Rights Commission |
| Medium | [electronic resource] |
| 260 ## - PUBLICATION, DISTRIBUTION, ETC. | |
| Date of publication, distribution, etc. | 2009 |
| 520 ## - SUMMARY, ETC. | |
| Summary, etc. | [2009] EWCA Civ 587, 18 June 2009. The case considers whether the termination of a tenancy by a housing trust did not constitute an act of private nature under the Human Rights Act 1998 s.6(5) and was subject to human rights considerations. London and Quadrant Housing Trust (L) appealed against a decision that it was subject to human rights principles when terminating Ms Weaver's tenancy (W). L was a registered social landlord with corporate and charitable status. W received an order for possession for rent arrears. She sought judicial review on the basis that her human rights were not respected. She considered that the act was not of a private nature. "Held": L was a hybrid public authority and providing a public service. Terminating W's tenancy was a private act and was in principle subject to human rights considerations. Every housing trust providing social housing would not necessarily be in the same position as L's. Determining the public status of a body is dependent on the facts. The appeal is dismissed. Leave to appeal to Supreme Court refused. |
| 590 ## - LOCAL NOTE (RLIN) | |
| Local note | KA |
| 650 24 - SUBJECT ADDED ENTRY--TOPICAL TERM | |
| Topical term or geographic name entry element | LONDON AND QUADRANT HOUSING TRUST V R ON THE APPLICATION OF WEAVER |
| 650 24 - SUBJECT ADDED ENTRY--TOPICAL TERM | |
| Topical term or geographic name entry element | L V BIRMINGHAM CITY COUNCIL |
| 650 24 - SUBJECT ADDED ENTRY--TOPICAL TERM | |
| Topical term or geographic name entry element | ASTON CANTLOW AND WILMCOTE WITH BILLESLEY PCC V WALLBANK AND ANOTHER |
| 650 24 - SUBJECT ADDED ENTRY--TOPICAL TERM | |
| Topical term or geographic name entry element | HUMAN RIGHTS ACT 1998 S6 |
| 650 24 - SUBJECT ADDED ENTRY--TOPICAL TERM | |
| Topical term or geographic name entry element | HOUSING ACT 1996 |
| 650 24 - SUBJECT ADDED ENTRY--TOPICAL TERM | |
| Topical term or geographic name entry element | HOUSING ACT 1988 |
| 651 #4 - SUBJECT ADDED ENTRY--GEOGRAPHIC NAME | |
| Geographic name | England and Wales |
| Chronological subdivision | 1543- |
| 690 ## - LOCAL SUBJECT ADDED ENTRY--TOPICAL TERM (OCLC, RLIN) | |
| Topical term or geographic name as entry element | PROPERTY-RESIDENTIAL PROPERTY-RESIDENTIAL LANDLORD AND TENANT-RESIDENTIAL TENANCIES |
| 856 40 - ELECTRONIC LOCATION AND ACCESS | |
| Uniform Resource Identifier | <a href="https://www.bailii.org/ew/cases/EWCA/Civ/2009/587.html">https://www.bailii.org/ew/cases/EWCA/Civ/2009/587.html</a> |
| Public note | View the case free of charge at www.bailli.org... |
| 942 ## - ADDED ENTRY ELEMENTS (KOHA) | |
| Suppress in OPAC | 0 |
| Withdrawn status | Lost status | Source of classification or shelving scheme | Damaged status | Not for loan | Home library | Current library | Shelving location | Date acquired | Total Checkouts | Full call number | Barcode | Date last seen | Copy number | Price effective from | Koha item type |
|---|---|---|---|---|---|---|---|---|---|---|---|---|---|---|---|
| Dewey Decimal Classification | Virtual | Virtual | Online | 25/06/2009 | ONLINE JUDGMENT | 147874-2001 | 06/08/2019 | 1 | 06/08/2019 | Law report |